000
00279nam a2200133Ia 4500
100
_a
Staples/Walter D.
650
_a
General
942
_c
BK
654
_a
Think Like
245
_a
Think Like A Winner
260
_b
Ubspd
_a
New Delhi
_c
1993
300
_a
288
546
_a
ENGLISH
999
_c
30037
_d
30037